Boletín de las leyes i decretos del gobierno: 1916

Sparad:
Bibliografiska uppgifter
Materialtyp: Bok
Språk:spanska
Publicerad: Santiago Penitenciaría 1916
Ämnen:
Taggar: Lägg till en tagg
Inga taggar, Lägg till första taggen!

MARC

LEADER 00000nam a2200000 a 4500
001 UCR1588
003 CL-VaPUC
008 971219e19160000CL |||||||||||||||||spa|d
082 0 4 |a 348.022  |b BOL  |2 21 
245 1 0 |a Boletín de las leyes i decretos del gobierno: 1916 
300 |a 2 v 
942 |c BK 
945 |d 19971219 00:00:00  |a lriquelm 
260 |a Santiago  |b Penitenciaría  |c 1916 
650 7 |a LEGISLACION  |2 CL-VaPUC  |9 398850 
650 7 |a DERECHO CHILENO  |2 CL-VaPUC  |9 398851 
650 0 |a Leyes  |9 256670 
650 7 |a FUENTES  |2 CL-VaPUC  |9 255666 
583 |a last modification  |c 19971219 00:00:00  |k Rodrigo Vera 
999 |c 264989  |d 264987 
952 |0 0  |1 0  |4 0  |6 348_022000000000000_BOL_1916  |7 0  |8 DER_HDC  |9 295720  |a BIBDER  |b BIBDER  |d 2019-11-20  |h v.85 p.1  |i 192897K  |o 348.022 BOL 1916  |p 192897K  |r 2023-01-25  |w 2019-11-20  |x Ubicación 4to Piso  |y BK_X  |z Estos recursos deben solicitarse con anticipación  |k DER 
952 |0 0  |1 0  |4 0  |6 348_022000000000000_BOL_1916  |7 0  |8 DER_HDC  |9 295721  |a BIBDER  |b BIBDER  |d 2019-11-20  |h v.85 p.2  |i 1928929  |o 348.022 BOL 1916  |p 1928929  |r 2023-01-25  |w 2019-11-20  |x Ubicación 4to Piso  |y BK_X  |z Estos recursos deben solicitarse con anticipación  |k DER